000 00699nam a2200193Ia 4500
008 090124s9999 xx 000 0 und d
082 _b5356
100 _aनेहरु पं. जवाहरलाल
245 _a धांवतें जग
250 _a1
260 _bरत्नाकार प्रकाशन लिमिटेड
_c1942
300 _a254
600 _aनेहरु पं. जवाहरलाल
630 _a धांवतें जग
700 _aनेहरु पं. जवाहरलाल
700 _aशहा रतनलाल आणि चिटणीस शंकर
730 _a धांवतें जग
942 _cBOOK
999 _c84392
_d84392